000 00524nam a2200193Ia 4500
001 55379
008 120924n ii |||gr||||Z||||||465
020 _a8183060447
082 _a891.441
245 0 _aMadman , Sand And Foam
_cKahlil Gibran
_hTextual Documents
250 _a2nd ed.
260 _aTripura:
_bBhasa Prakashan,
_c2009.
300 _a96pg:
_c23cm.
653 _aBengali
653 _aDeptt- Bengali
700 _aGangopadhyay,Kakali ,
_eTranslated.
700 _aGibran, Kahlil .,
_eAuthor.
942 _2ddc
_cBK
999 _c55312
_d55312